000
00526nam a2200133Ia 4500
008
100328s9999 xx 000 0 und d
082
_b
72585
100
_a
कर्णिक हेमंत-अनु.(मूळ लेखक-पी.साईनाथ)
245
_a
दुष्काळ आवडे सर्वांना
260
_b
अक्षर.
630
_a
दुष्काळ आवडे सर्वांना
730
_a
दुष्काळ आवडे सर्वांना
942
_c
BOOK
999
_c
558306
_d
558303